Bośnia i Hercegowina (podział administracyjny Bośni) - Mapa - Statystyki

Ogólne statystyki
  • Ten quiz został rozwiązany 206 razy
  • Średni wynik to 4 z 18
Odpowiedzi na mapie
Odpowiedzi zakodowano w zielono-czerwonej skali na mapie do tego quizu, zgodnie z poniższymi procentami.
 
Statystyki odpowiedzi
Odpowiedź % Poprawnych
Kanton sarajewski
87%
Region Banja Luka
46%
Dystrykt Brczko
39%
Kanton tuzlański
32%
Kanton uńsko-sański
25%
Kanton zenicko-dobojski
22%
Region Trebinje
19%
Kanton dziesiąty
16%
Region Foča
14%
Region Doboj
13%
Kanton posawski
12%
Region Bijeljina
11%
Kanton bośniacko-podriński
9%
Kanton hercegowińsko-neretwiański
9%
Kanton środkowobośniacki
9%
Kanton zachodniohercegowiński
9%
Region Sarajewo-Romanija
7%
Region Vlasenica
7%
Nie znaleziono quizów pasujących do podanych kryteriów
Rozkład punktacji
Procent ludzi z każdym wynikiem
Percentyl według liczby udzielonych odpowiedzi
Twoja historia wyników
Nie rozwiązałeś tego quizu